| 000 -LEADER | |
|---|---|
| fixed length control field | 03287nam a2200517 a 4500 |
| 001 - CONTROL NUMBER | |
| control field | :::00018985$&:&@@ |
| 003 - CONTROL NUMBER IDENTIFIER | |
| control field | OkBaRHE |
| 005 - DATE AND TIME OF LATEST TRANSACTION | |
| control field | 20100331115341.0 |
| 008 - FIXED-LENGTH DATA ELEMENTS--GENERAL INFORMATION | |
| fixed length control field | s1977 j 000 0 eng u |
| 040 ## - CATALOGING SOURCE | |
| Transcribing agency | |
| 952 ## - LOCATION AND ITEM INFORMATION (KOHA) | |
| -- | BR |
| 952 ## - LOCATION AND ITEM INFORMATION (KOHA) | |
| -- | BR |
| 952 ## - LOCATION AND ITEM INFORMATION (KOHA) | |
| -- | BR |
| 952 ## - LOCATION AND ITEM INFORMATION (KOHA) | |
| -- | BR |
| 952 ## - LOCATION AND ITEM INFORMATION (KOHA) | |
| -- | BR |
| 952 ## - LOCATION AND ITEM INFORMATION (KOHA) | |
| -- | BR |
| 952 ## - LOCATION AND ITEM INFORMATION (KOHA) | |
| -- | BR |
| 952 ## - LOCATION AND ITEM INFORMATION (KOHA) | |
| -- | BR |
| 952 ## - LOCATION AND ITEM INFORMATION (KOHA) | |
| -- | BR |
| 952 ## - LOCATION AND ITEM INFORMATION (KOHA) | |
| -- | BR |
| 952 ## - LOCATION AND ITEM INFORMATION (KOHA) | |
| -- | BR |
| 952 ## - LOCATION AND ITEM INFORMATION (KOHA) | |
| -- | BR |
| 952 ## - LOCATION AND ITEM INFORMATION (KOHA) | |
| -- | BR |
| 952 ## - LOCATION AND ITEM INFORMATION (KOHA) | |
| -- | BR |
| 952 ## - LOCATION AND ITEM INFORMATION (KOHA) | |
| -- | BR |
| 952 ## - LOCATION AND ITEM INFORMATION (KOHA) | |
| -- | BR |
| 952 ## - LOCATION AND ITEM INFORMATION (KOHA) | |
| -- | BR |
| 952 ## - LOCATION AND ITEM INFORMATION (KOHA) | |
| -- | BR |
| 952 ## - LOCATION AND ITEM INFORMATION (KOHA) | |
| -- | BR |
| 952 ## - LOCATION AND ITEM INFORMATION (KOHA) | |
| -- | BR |
| 952 ## - LOCATION AND ITEM INFORMATION (KOHA) | |
| -- | BR |
| 952 ## - LOCATION AND ITEM INFORMATION (KOHA) | |
| -- | BR |
| 952 ## - LOCATION AND ITEM INFORMATION (KOHA) | |
| -- | BR |
| 952 ## - LOCATION AND ITEM INFORMATION (KOHA) | |
| -- | BR |
| 952 ## - LOCATION AND ITEM INFORMATION (KOHA) | |
| -- | BR |
| 952 ## - LOCATION AND ITEM INFORMATION (KOHA) | |
| -- | BR |
| 100 1# - MAIN ENTRY--PERSONAL NAME | |
| Personal name | Dowley, Tim. |
| 245 10 - TITLE STATEMENT | |
| Title | Eerdman's handbook to the history of Christianity. |
| Statement of responsibility, etc | Organizing editor, Tim Dowley ; consulting editors, John H. Y. Briggs, Robert D. Linder, David F. Wright. |
| 250 ## - EDITION STATEMENT | |
| Edition statement | 1st American ed. |
| 260 ## - PUBLICATION, DISTRIBUTION, ETC. (IMPRINT) | |
| Place of publication, distribution, etc | Grand Rapids, MI., : |
| Name of publisher, distributor, etc | Eerdmans |
| Date of publication, distribution, etc | 1977 |
| 300 ## - PHYSICAL DESCRIPTION | |
| Extent | xxiv, 656 p. : some col. illus. ; |
| Dimensions | 23 cm. |
| 500 ## - GENERAL NOTE | |
| General note | 20 |
| 500 ## - GENERAL NOTE | |
| General note | Includes index. |
| 650 ## - SUBJECT ADDED ENTRY--TOPICAL TERM | |
| Topical term or geographic name as entry element | Church History |
| General subdivision | Handbooks, Manuals, etc. |
| 942 ## - ADDED ENTRY ELEMENTS (KOHA) | |
| Source of classification or shelving scheme | |
| Koha item type | Books |
| Damaged status | Date checked out | Date acquired | Price effective from | Copy number | Withdrawn status | Source of classification or shelving scheme | Lost status | Barcode | Date last seen | Current Location | Total Checkouts | Not for loan | Collection code | Permanent Location | Koha item type | Shelving location | Serial Enumeration / chronology |
|---|---|---|---|---|---|---|---|---|---|---|---|---|---|---|---|---|---|
| 2010-04-14 | 2010-04-14 | 1 | 18985 | 2010-04-14 | RHEMA Bible Training College | Books | General Stacks | 1977 | |||||||||
| 2010-04-14 | 2010-04-14 | 1 | 18986 | 2010-04-14 | RHEMA Bible Training College | Books | General Stacks | 1977 | |||||||||
| 2010-04-14 | 2010-04-14 | 1 | 18987 | 2010-04-14 | RHEMA Bible Training College | Books | General Stacks | 1977 | |||||||||
| 2010-04-14 | 2010-04-14 | 1 | 18989 | 2010-04-14 | RHEMA Bible Training College | Books | General Stacks | 1977 | |||||||||
| 2010-04-14 | 2010-04-14 | 1 | 18998 | 2010-04-14 | RHEMA Bible Training College | Books | General Stacks | 1977 | |||||||||
| 2010-04-14 | 2010-04-14 | 1 | 18999 | 2010-04-14 | RHEMA Bible Training College | Books | General Stacks | 1977 | |||||||||
| 2010-04-14 | 2010-04-14 | 1 | 19000 | 2010-04-14 | RHEMA Bible Training College | Books | General Stacks | 1977 | |||||||||
| 2010-04-14 | 2010-04-14 | 1 | 19003 | 2010-04-14 | RHEMA Bible Training College | Books | General Stacks | 1977 | |||||||||
| 2010-04-14 | 2010-04-14 | 1 | 19004 | 2010-04-14 | RHEMA Bible Training College | Books | General Stacks | 1977 | |||||||||
| 2010-04-14 | 2010-04-14 | 1 | 20971 | 2010-04-14 | RHEMA Bible Training College | Books | General Stacks | 1977 | |||||||||
| 2010-04-14 | 2010-04-14 | 1 | 20972 | 2010-04-14 | RHEMA Bible Training College | Books | General Stacks | 1977 | |||||||||
| 2010-04-14 | 2010-04-14 | 1 | 20973 | 2010-04-14 | RHEMA Bible Training College | Books | General Stacks | 1977 | |||||||||
| 2010-04-14 | 2010-04-14 | 1 | 20974 | 2010-04-14 | RHEMA Bible Training College | Books | General Stacks | 1977 | |||||||||
| 2010-04-14 | 2010-04-14 | 1 | 20977 | 2010-04-14 | RHEMA Bible Training College | Books | General Stacks | 1977 | |||||||||
| 2010-04-14 | 2010-04-14 | 1 | 20978 | 2010-04-14 | RHEMA Bible Training College | Books | General Stacks | 1977 | |||||||||
| 2010-04-14 | 2010-04-14 | 1 | 20979 | 2010-04-14 | RHEMA Bible Training College | Books | General Stacks | 1977 | |||||||||
| 2010-04-14 | 2010-04-14 | 1 | 20980 | 2010-04-14 | RHEMA Bible Training College | Books | General Stacks | 1977 | |||||||||
| 2010-04-14 | 2010-04-14 | 1 | 20982 | 2010-04-14 | RHEMA Bible Training College | Books | General Stacks | 1977 | |||||||||
| 2010-04-14 | 2010-04-14 | 1 | 20983 | 2010-04-14 | RHEMA Bible Training College | Books | General Stacks | 1977 | |||||||||
| 2010-04-14 | 2010-04-14 | 1 | 20984 | 2010-04-14 | RHEMA Bible Training College | Books | General Stacks | 1977 | |||||||||
| 2010-04-14 | 2010-04-14 | 1 | 20988 | 2010-04-14 | RHEMA Bible Training College | Books | General Stacks | 1977 | |||||||||
| 2010-04-14 | 2010-04-14 | 1 | 21019 | 2010-04-14 | RHEMA Bible Training College | Books | General Stacks | 1977 | |||||||||
| 2010-04-14 | 2010-04-14 | 1 | 21020 | 2010-04-14 | RHEMA Bible Training College | Books | General Stacks | 1977 | |||||||||
| 2010-04-14 | 2010-04-14 | 1 | 21021 | 2010-04-14 | RHEMA Bible Training College | Books | General Stacks | 1977 | |||||||||
| 2017-02-08 | 2010-04-14 | 2010-04-14 | 1 | 20985 | 2017-02-08 | RHEMA Bible Training College | 1 | RHEMA Bible Training College | Books | General Stacks | 1977 | ||||||
| 2013-12-16 | 2010-04-14 | 2010-04-14 | 1 | 20987 | 2013-12-16 | RHEMA Bible Training College | 2 | RHEMA Bible Training College | Books | General Stacks | 1977 |